| 000 | 00439nam a2200205Ia 4500 | ||
|---|---|---|---|
| 001 | 12293 | ||
| 003 | GE_BSU | ||
| 008 | 181216s||||||||xx |||||||||||||| ||und|| | ||
| 020 | _a9780752849805 | ||
| 040 | _cGE_BSU | ||
| 080 | _a821.111-312.4 | ||
| 100 | _aConnelly,Michael | ||
| 245 | _aChasing The dime | ||
| 260 | _aLondon | ||
| 260 | _bOrion | ||
| 260 | _c2003 | ||
| 300 | _a340p.18cm. | ||
| 653 | _aChasing The dime | ||
| 942 | _cBK | ||
| 999 |
_c45468 _d45468 |
||